| 000 | 01137nas a2200253Ia 4500 | ||
|---|---|---|---|
| 001 | R144/E4729 | ||
| 003 | IT-RoPAU | ||
| 008 | 151124c99999999xx |||||||||||| ||und|| | ||
| 040 | _aIT-RoPAU | ||
| 040 | _cIT-RoPAU | ||
| 041 | _aFRANCESE | ||
| 100 |
_aGuillaume Marc _gCodice Aut. SPICS: 5686 |
||
| 210 | _aQUADERNI-LA REVUE DE LA COMMUNICATION | ||
| 222 | _aQuaderni-La Revue De La Communication | ||
| 245 |
_aQUADERNI, N.030 (1996) - TERRITOIRES ECLATES, LE ROLE DES TECHNOLOGIES DE COMMUNICATION _bSociete' Commutative: L'Avenement De L'Homme Spectral |
||
| 250 | _a1a ed. | ||
| 260 |
_aPARIS _bFORMULES EDITO _c1996 |
||
| 501 |
_bPaulus - SPICS - Società San Paolo EM (non-commercial uses only) _cCopyright2015 |
||
| 300 | _a12 p. [81-92] | ||
| 362 | _aN.030 (1996) - TERRITOIRES ECLATES, LE ROLE DES TECHNOLOGIES DE COMMUNICATION | ||
| 500 | _aSocietà Commutativa: Avvento dell'Uomo Spettrale. Comunicazione e Trasporto al Servizio della Comunicazione Urbana. Dialettica Delle Reti e del Territorio. Anamorfosi dei Territori. Società Commutativa. | ||
| 650 |
_aCOMUNICAZIONE _vPUBBLICAZIONE PERIODICA |
||
| 942 | _cCR | ||
| 999 |
_c189888 _d189888 |
||